000 00994naa a22002537a 4500
001 218701
003 ES-MaBCM
005 20231108062632.0
008 210628t2021 sp |||||r|||| 00| 0 spa d
035 _a(OCoLC)1293147062
040 _cES-MaBCM
100 1 _931837
_aMonereo Pérez, José Luis
245 1 3 _aLa dignidad de los trabajadores
_b : la dignidad como principio fundante y como derecho fundamental = The dignity of workers: dignity as a founding priciple and as a fundamental right
_cTomás Sala Franco
504 _aBibliografía: p. 78-86
650 7 _aDerecho laboral
_2
_958334
650 7 _aClase obrera
_2
_957930
650 7 _aDerecho del individuo
_2
_958361
650 7 _aDerecho al trabajo
_2
_958293
650 7 _aÉtica
_2
_958639
650 0 _aEstatuto del trabajador
_9124559
651 4 _aEuropa
_9115402
773 0 _dCizur Menor (Navarra)
_gn. 239 (febr. 2021), p. 51-86 - Loc. S.139
_tCivitas Revista española de derecho del trabajo
_w104562
942 _2udc
_cAREV
999 _c218701
_d218701